[Event "GER-chT Lands U20"]
[Site "Verden an der Aller"]
[Date "2007.10.02"]
[Round "6.8"]
[White "Bluhm, Sonja Maria"]
[Black "Flacke, Leonie"]
[Result "1-0"]
[WhiteElo "1346"]
[BlackElo "1052"]
[PlyCount "51"]
[EventDate "2007.09.29"]
[EventType "team-swiss"]
[EventRounds "7"]
[EventCountry "GER"]
[SourceTitle "CBM 120 Extra"]
[Source "ChessBase"]
[SourceDate "2007.11.01"]
[SourceVersion "1"]
[SourceVersionDate "2007.11.01"]
[SourceQuality "1"]
[WhiteTeam "Hessen"]
[BlackTeam "Niedersachsen II"]
[WhiteTeamCountry "GER"]
[BlackTeamCountry "GER"]

1. e4 e5 2. Nf3 Nc6 3. Bb5 d6 4. d4 Bd7 5. 0-0 Nf6 6. Nc3 g6 7. Re1 Bg7 8. Bg5 h6 9. Be3 Qe7 10. Nd5 Nxd5 11. exd5 Nb4 12. Bc4 0-0 13. Qd2 a5 14. a3 Na6 15. Bxh6 f6 16. Bxg7 Qxg7 17. Qxa5 b6 18. Qd2 Kf7 19. dxe5 fxe5 20. Ng5+ Ke7 21. Ne6 Bxe6 22. dxe6 Rh8 23. Qg5+ Ke8 24. Bb5+ Kf8 25. Bxa6 Rxa6 26. Qd8# 1-0

[Event "Niedersachsen-ch U16/18 Girls"]
[Site "Rotenburg/Wuemme"]
[Date "2007.04.03"]
[Round "5"]
[White "Gerschmann, Anastasija"]
[Black "Flacke, Leonie"]
[Result "1-0"]
[WhiteElo "1418"]
[BlackElo "1139"]
[PlyCount "69"]
[EventDate "2007.03.31"]
[EventType "swiss"]
[EventRounds "9"]
[EventCountry "GER"]
[SourceTitle "EXT 2008"]
[Source "ChessBase"]
[SourceDate "2007.11.25"]
[SourceVersion "1"]
[SourceVersionDate "2007.11.25"]
[SourceQuality "1"]

1. e4 e5 2. Nf3 Nc6 3. Nc3 Nf6 4. Bc4 Bc5 5. d3 d6 6. Be3 Bb6 7. h3 Be6 8. Bb3 Qe7 9. Ba4 Bd7 10. Qe2 0-0-0 11. Bxb6 cxb6 12. 0-0-0 Nd4 13. Qe3 Nxf3 14. gxf3 Kb8 15. f4 Rc8 16. Bxd7 Qxd7 17. d4 exd4 18. Rxd4 Qe7 19. Rhd1 Rc6 20. Nb5 Rd8 21. e5 Ne8 22. Nxd6 Nxd6 23. exd6 Qd7 24. Qe7 Qxe7 25. dxe7 Re8 26. Rd8+ Rc8 27. Rxe8 Rxe8 28. Rd8+ Kc7 29. Rxe8 Kd7 30. Rb8 Kxe7 31. Rxb7+ Kf6 32. Rxa7 g5 33. fxg5+ Kxg5 34. Rxf7 h5 35. Kd2 1-0